Vista normal
Vista MARC
Entrada Nombre corporativo
Número de registros utilizados en: 1
001 - NÚMERO DE CONTROL
- campo de control: 1339
003 - IDENTIFICADOR DE NÚMERO DE CONTROL
- campo de control: OSt
005 - FECHA Y HORA DE LA ÚLTIMA TRANSACCIÓN
- campo de control: 20221005154906.0
008 - ELEMENTOS DE DATO DE LONGITUD-FIJA
- campo de control de longitud fija: 221005|| aca||aabn | a|a d
040 ## - FUENTE DE CATALOGACIÓN
- Centro catalogador/agencia de origen: OSt
- Centro/agencia transcriptor: OSt
110 ## - ENCABEZAMIENTO-NOMBRE DE ENTIDAD CORPORATIVA
- Nombre de entidad corporativa o nombre de jurisdicción como elemento de entrada: JORNADAS DE ESTUDIO SOBRE UNIVERSIDAD, COOPERATIVISMO Y ECONOMIA SOCIAL
- Fecha del congreso o de la firma del tratado: 1984
- Sede del congreso/Lugar de la reunión: Segovia
670 ## - FUENTE DE DATOS ENCONTRADOS
- Cita de la fuente: Work cat.: (OSt)580: JORNADAS DE ESTUDIO SOBRE UNIVERSIDAD, COOPERATIVISMO Y ECONOMIA SOCIAL 1984 Segovia, Jornadas de estudio sobre universidad, cooperativismo y economía social /, D.L. 1986